000 00310nam a2200133 i 4500
001 bg
100 1 _aTWAROWSKI, M.
245 0 _aMetoda projektowania kościoła /
_cM. Twarowski.
260 _aWarszawa,
_c1985.
040 _cBPK
041 _apol
942 _cKS
008 s pl f |000 0 pol
999 _c23073
_d23073
856 _uhttp://koha.tu.koszalin.pl/cgi-bin/koha/opac-detail.pl?biblionumber=23073
_yKatalog online BPK